000 00588nam a2200181Ia 4500
008 100920s9999 xx 000 0 und d
082 _b61774
_a891.43 थ 93
100 _aसांकृत्यायन राहुल./सांकृत्यायन कमला.
245 _aप्रभा.
260 _bवाणी प्रकाशन, नयी दिल्ली.
_c1993
300 _a64
_bसाधी
365 _b40
520 _aहिंदी.
630 _aप्रभा.
650 _aहिंदी.
730 _aप्रभा.
942 _cBOOK
999 _c704919
_d704916